00355nam a2200145Ia 450000500170000000800460001703700120006304000200007504100130009508400190010810000180012724500180014526000360016330000100019920250508150950.0008 250505s9999 xx 000 0 eng d aTextual aFEDLbengcFEDL aeng2eng a912, BROqFEDL aBrown Lloyd A 0aStory of maps aLondon, UKbCresset Pressc1951 a397p.